| 000 | 00975cam a2200313 a 4500 | ||
|---|---|---|---|
| 999 |
_c4930 _d4930 |
||
| 001 | 4930 | ||
| 003 | BD-JhCC | ||
| 005 | 20171209192949.0 | ||
| 008 | 840521s1985 nyuab b 001 0 eng | ||
| 020 | _a0023415800 | ||
| 035 | _a(BD-JhCC)4930 | ||
| 040 |
_aDLC _cDLC _dDLC _dBD-JhCC |
||
| 041 | _aeng | ||
| 050 | 0 | 0 |
_aGF41 _b.G47 1985 |
| 082 | 0 | 0 |
_a304.2 _219 _bGET 1985 |
| 100 | 1 |
_aGetis, Arthur, _d1934- |
|
| 245 | 1 | 0 |
_aHuman geography : _bculture and environment / _cArthur Getis, Judith Getis, Jerome Fellmann. |
| 260 |
_aNew York : _bMacmillan ; _aLondon : _bCollier Macmillan, _cc1985. |
||
| 300 |
_ax, 485 p. : _bill., maps ; _c25 cm. |
||
| 500 | _aRev. ed. of: Geography. c1981. | ||
| 500 | _aMaps on lining paper. | ||
| 504 | _aIncludes bibliographies and index. | ||
| 650 | 0 | _aHuman geography. | |
| 650 | 0 | _aHuman ecology. | |
| 700 | 1 |
_aFellmann, Jerome Donald, _d1926- |
|
| 700 | 1 |
_aGetis, Arthur, _d1934- _tGeography. |
|
| 942 |
_2ddc _cBK |
||